书目信息 |
| 题名: |
食品安全性与分析检测
|
|
| 作者: | 毛跟年 , 徐牡丹 编著 | |
| 分册: | ||
| 出版信息: | 北京 化学工业出版社 2003 |
|
| 页数: | 315 | |
| 开本: | 26cm | |
| 丛书名: | ||
| 单 册: | ||
| 中图分类: | TS207.7 | |
| 科图分类: | ||
| 主题词: | 食品工业 | |
| 电子资源: | ||
| ISBN: | 7-5025-4446-1 | |
| 000 | 00595nam0 2200193 450 | |
| 001 | 0754114953 | |
| 005 | 20070929150154.95 | |
| 010 | @a7-5025-4446-1 | |
| 100 | @a20070929d km y0chiy0120 ea | |
| 101 | 0 | @achi |
| 200 | 1 | @a食品安全性与分析检测@Ashi pin an quan xing yu fen xi jian ce@f徐牡丹,毛跟年 编著@Fxu mu dan,mao gen nian bian zhu |
| 210 | @a北京@c化学工业出版社@d2003 | |
| 215 | @a315@c插图@d26cm | |
| 606 | 0 | @a食品工业 |
| 690 | @aTS207.7@v3 | |
| 701 | 0 | @a毛跟年@Amao gen nian@4编著 |
| 701 | 0 | @a徐牡丹@Axu mu dan@4编著 |
| 801 | 0 | @aCN@bPFT@c20070929 |
| 905 | @a213230@dTS207.7@eh4@f1 | |
| 食品安全性与分析检测/徐牡丹,毛跟年 编著.-北京:化学工业出版社,2003 |
| 315:插图;26cm |
| ISBN 7-5025-4446-1: |
| ● |
| 相关链接 |
|
|
|
|
正题名:食品安全性与分析检测
索取号:TS207.7/h4
 
预约/预借
| 序号 | 登录号 | 条形码 | 馆藏地/架位号 | 状态 | 备注 |
| 1 | 6001625 | 260016253 | 密集书库-化学系/ [索取号:TS207.7/h4] | 在馆 |